| 000 -CABECERA |
| fixed length control field |
01362nam a22002657a 4500 |
| 003 - IDENTIFICADOR DEL NÚMERO DE CONTROL |
| control field |
AR-CdUCM |
| 008 - DATOS DE LONGITUD FIJA--INFORMACIÓN GENERAL |
| fixed length control field |
190226b ||||| |||| 00| 0 spa d |
| 040 ## - FUENTE DE LA CATALOGACIÓN |
| Agencia/entidad que catalogó originalmente la obra |
MUNICIPALIDAD PROVINCIAL DEL CUSCO |
| Entidad que transcribió la catalogación |
BIBLIOTECA MUNICIPAL DEL CUSCO |
| 082 ## - NÚMERO DE LA CLASIFICACIÓN DECIMAL DEWEY |
| No. de la edición |
1ed. |
| No. de Clasificación |
331.71 |
| Notacion interna |
UN61 |
| 100 ## - ENTRADA PRINCIPAL--NOMBRE DE PERSONA |
| Nombre Personal |
Universidad Nacional Federico Villarreal, Centro de Investigaciones Económicas y Sociales. |
| 245 ## - MENCIÓN DE TÍTULO |
| Título |
Fuga de talentos y desaprovechamiento interno / |
| Mención de responsabilidad |
Universidad Nacional Federico Villarreal, Centro de Investigaciones Económicas y Sociales ; Segura R., Santiago ; Ocampo R., Esteban ; Barrantes C., Salvador ; Tradardi R., Franco ; Uriarte M., Felípe |
| 260 ## - PUBLICACIÓN, DISTRIBUCIÓN, ETC. |
| Lugar de publicación, distribución, etc. |
Lima - Perú : |
| Nombre de la editorial, distribuidor, etc. |
Edit. Jurídica, |
| Fecha de publicación, distribución, etc. |
1971. |
| 300 ## - DESCRIPCIÓN FÍSICA |
| Nº de Páginas Extensión |
168 páginas ; |
| Otros detalles físicos |
ilustraciones, |
| Dimensiones |
21 cm. |
| 505 ## - NOTA DE CONTENIDO CON FORMATO |
| Nota de contenido formateada |
La emigración en el exterior -- la emigración a nivel mundial -- la emigración en Latinoamérica -- causas que se le atribuyen -- emigración de personal calificado -- emigración de estudiantes ... |
| 650 ## - PUNTO DE ACCESO ADICIONAL DE MATERIA--TÉRMINO DE MATERIA |
| Descriptor |
Profesionales peruanos. |
| 9 (RLIN) |
3792 |
| 650 ## - PUNTO DE ACCESO ADICIONAL DE MATERIA--TÉRMINO DE MATERIA |
| Descriptor |
Emigración. |
| 9 (RLIN) |
3793 |
| 650 ## - PUNTO DE ACCESO ADICIONAL DE MATERIA--TÉRMINO DE MATERIA |
| Descriptor |
Latinoamérica y mundial. |
| 9 (RLIN) |
3794 |
| 700 ## - PUNTO DE ACCESO ADICIONAL--NOMBRE DE PERSONA |
| Nombre Personal |
Segura R., Santiago. |
| 9 (RLIN) |
3795 |
| 700 ## - PUNTO DE ACCESO ADICIONAL--NOMBRE DE PERSONA |
| Nombre Personal |
Ocampo R., Esteban. |
| 9 (RLIN) |
3796 |
| 700 ## - PUNTO DE ACCESO ADICIONAL--NOMBRE DE PERSONA |
| Nombre Personal |
Barrantes C., Salvador . |
| 9 (RLIN) |
3797 |
| 700 ## - PUNTO DE ACCESO ADICIONAL--NOMBRE DE PERSONA |
| Nombre Personal |
Tradardi R., Franco. |
| 9 (RLIN) |
3798 |
| 700 ## - PUNTO DE ACCESO ADICIONAL--NOMBRE DE PERSONA |
| Nombre Personal |
Uriarte M., Felípe. |
| 9 (RLIN) |
3799 |
| 942 ## - ELEMENTOS DE PUNTO DE ACCESO ADICIONAL (KOHA) |
| Fuente de clasificación |
|
| Tipo de item |
Libros-BMC |
| 945 ## - PROCESAMIENTO DE INFORMACIÓN LOCAL (OCLC) |
| Catalogador |
achl |
| AAAA-MM-DD - Fecha de ingreso o modificacion |
2019-02-26 |